000 00566nam a2200229Ia 4500
003 OSt
005 20220912144327.0
006 a|||||r|||| 00| 0
007 ta
008 220909b |||||||| |||| 00| 0 eng d
020 _aSL01093406
024 _a192895
037 _cTextual
040 _aCSL
_beng
_cCSL
041 _aeng
082 _aI:4, N0;1
100 _aMEHROTRA PLANT PATHOLOGY
245 0 _aplant pathology
700 _aMEHROTRA PLANT PATHOLOGY
942 _hI:4, N0;1
_cTEXL
_2CC
999 _c4972
_d4972